Statistics for Top 20 Most Famous Men's Tennis Champions

Click here to take the quiz!

General Stats

  • This quiz has been taken 630 times
  • The average score is 12 of 20

Answer Stats

% player % Correct
96Roger Federer
96%
94Rafael Nadal
93%
84Pete Sampras
87%
81Andre Agassi
82%
84Andy Murray
81%
87Novak Djokovic
80%
73John McEnroe
78%
67Bjorn Borg
78%
64Boris Becker
71%
52Jimmy Connors
64%
52Ivan Lendl
62%
39Stefan Edberg
50%
47Lleyton Hewitt
47%
48Andy Roddick
44%
42Arthur Ashe
41%
44Michael Chang
38%
43Stanislas Wawrinka
35%
39Juan Martin del Potro
31%
55Marin Cilic
26%
38Goran Ivanisevic
20%

Score Distribution

Percentile by Number Answered

Percent of People with Each Score

Your Score History

You have not taken this quiz